000 00588nam a2200205 a 4500
005 20140414132123.0
008 130215s19uu xx 00 eng d
020 _a9780316085304
050 _aFIC
_bCo874h 2006
100 _aCowell, Criselda
245 _aHow to cheat a dragon's curse (book 4)/.
260 _aNew York :
_bLittle Brown and Company,
_c2006.
300 _a223p.
440 _aHow to train your dragon.
650 _aVikings-
_xjuvenile fiction.
650 _aDragons-
_xfiction.
650 _aVikings-
_xfiction.
650 _aHumorous stories.
999 _c115117
_d115117